000 00333nam a2200145Ia 4500
003 OSt
005 20240111110000.0
008 170523s9999 xx 000 0 und d
020 _a9788126511143
040 _ciimtu
100 _aCotton- F. Albert
245 0 _aBasic Inorganic Chemistry
260 _aWiley India
942 _2ddc
_c02
999 _c11989
_d11989